Paroles - A ma place - Zazie et Axel Bauer - Statistiques

Statistiques générales
  • Ce quiz a été pris 971 fois
  • Le résultat moyen est 259 sur 353
Statistiques - réponses
Réponses % Correct
ma
100%
à
99%
Je
98%
je
98%
place
98%
que
98%
Que
98%
Se
97%
se
97%
ce
96%
Ce
96%
me
96%
de
94%
De
94%
93%
la
93%
suis
93%
pas
92%
pour
92%
Pour
92%
tu
91%
le
90%
Au
89%
au
89%
mais
89%
Mais
89%
et
88%
Et
88%
veux
85%
Ne
83%
ne
83%
moi
81%
fois
80%
m'aime
80%
quelques
79%
sois
79%
plus
78%
Plus
78%
du
76%
elle
76%
qu'il
76%
bien
75%
75%
75%
toi
74%
peu
73%
Quand
72%
quand
72%
être
71%
Faut-il
71%
faut-il
71%
en
70%
mes
70%
fasse
69%
homme
69%
nous
69%
roi
69%
m'aimes
68%
qu'un
68%
seulement
68%
Seulement
68%
ces
67%
combat
67%
est
67%
faire
67%
l'ombre
67%
mourir
67%
qu'on
67%
reine
67%
veut
67%
même
66%
qu'elle
66%
forte
65%
n'attends
65%
comprennes
64%
cette
63%
met-il
63%
Serait-elle
63%
sommes
63%
un
63%
Un
63%
femme
60%
m'abandonne
60%
lui
59%
Vivre
59%
aller
57%
bout
57%
moitié
57%
peut-il
57%
aime
56%
bois
56%
dormir
55%
jusque
55%
l'enfer
55%
Les
55%
met-elle
55%
noient
55%
voit
55%
Mon
54%
mon
54%
pardonne
54%
sous
54%
belle
53%
j'y
53%
impasses
52%
plaire
52%
poids
49%
îles
48%
parvienne
48%
plie
48%
aussi
47%
rien
47%
saigne
47%
y
47%
d'où
45%
vers
45%
silence
44%
fais
43%
glace
43%
encore
42%
Encore
42%
tien
42%
ailes
41%
as
40%
cède
40%
demande
40%
froissent
40%
mort
39%
Veux-tu
39%
veux-tu
39%
âme
38%
cherche
38%
face
38%
fond
38%
Tout
38%
trop
38%
attends
37%
geste
37%
l'erreur
37%
peur
37%
sœur
37%
effort
36%
regarder
36%
longue
34%
porte
34%
vas
34%
viens
34%
Qu'aurais-tu
33%
l'effort
32%
parfois
32%
sorte
32%
serait-ce
31%
route
30%
tenter
29%
tombe
29%
sang
28%
D'ouvrir
26%
Pourrait-il
26%
t'apprenne
26%
vide
25%
caches
24%
saches
24%
eaux
23%
traîne
23%
troubles
23%
Ferait-elle
22%
vraiment
22%
doute
19%
Aucun quiz correspondant
Distribution des résultats
% des personnes avec chaque résultat
Percentile par nombre de réponses
Votre historique - résultats
Vous n’avez pas pris ce quiz